Normal view
MARC view
- Simm, R
Entry Personal Name
001 - CONTROL NUMBER
- control field: 42042
003 - CONTROL NUMBER IDENTIFIER
- control field: NUST
005 - DATE AND TIME OF LATEST TRANSACTION
- control field: 20210314132211.0
008 - FIXED-LENGTH DATA ELEMENTS
- fixed length control field: 210314|| aca||aabn | a|a d
040 ## - CATALOGING SOURCE
- Original cataloging agency: NUST
- Transcribing agency: NUST
100 ## - HEADING--PERSONAL NAME
- Personal name: Simm, R
670 ## - SOURCE DATA FOUND
- Source citation: Work cat.: (NUST): Bacon, M. 42036, 3-D seismic interpretation /, 2003.
